000 01121nam a2200313Ia 4500
001 Para_9166
003 CHAP
005 20220817045904.0
008 220125s2006 xx 000 0 und d
010 _a207901
040 _cCHAP
090 _aPA TESIS 1982
100 _aAguilar Carpio, André
_92670
245 _aResistencia de Euphorbia heterophylla L. a atrazina aplicada en pre y post-emergencia en poblaciones provenientes de la región norte del estado de Guerrero, México /
_c por André Aguilar Carpio
260 _aChapingo, Méx. :
_b el autor
300 _a79 h.
502 _aTesis (M.C. Protección Vegetal) UACh. Departamento Parasitología Agrícola
650 _aEuphorbia heterophylla
_9174367
650 _aHerbicidas
_953691
650 _aMalas hierbas
_x control
_970011
650 _aMalas hierbas
_x resistencia a herbicidas
710 _aUACh. Departamento Parasitología Agrícola
_9164025
901 _aTESIS 1982
902 _aA
905 _a0000002006 dmn 0000000000 00
910 _a2006
942 _cPARA
_2ddc
942 _cPARA
_2ddc
999 _c207901
_d207901